000 00544nam a2200169Ia 4500
003 GCL
008 140319s9999 xx 000 0 ara d
040 _aGCL /
_cGCL
082 0 4 _aط
_b372.218
_bع ر
100 1 _aعزة الحلوانى
245 1 0 _aروضة الاولاد والبنات /
_cعزة الحلوانى
260 _a[S.N] :
_bدار الشعب للطباعة والنشر
490 _aسلسلة ثقافية مصرية للأطفال
_v0
650 0 4 _aطرق التدريس
650 0 4 _aالاطفال
942 _2ddc
_cBK
999 _c56302
_d56302